00516nam a22001697a 450000500170000001000150001702000260003203500130005803700130007108200120008424500520009626000310014827000690017930000330024850000500028170000150033120160523113208.0 aENG-115126 a9788120351691c395.00 aEN-98658 bDBAD/PUB a620.137 aPrestressed concrete /cby K.U. Muthu...[et al] aDelhibPHI Learning c2016 aRimjhim House, 111, Patparganj Industrial EstatebDelhi e110092 axiv,340p. :bill.c24cm(pbk) aIncludes bibliographical references and index aMuthu,K.U.